000 00379 a2200169 4500
001 71324
020 _a
040 _cAnchieta - Colégio São Paulo
100 _aIannone, Leila Rentroia
240 1 0 _aUm amor além do tempo
_lpor
245 1 0 _aUm amor além do tempo
300 _a71
362 0 _a1996
440 1 _aModerna
650 4 _aLiteratura juvenil
942 _cBK
999 _c71324
_d71324